000
00334nam a2200133Ia 4500
008
240624s9999 xx 000 0 und d
041
_a
eng
082
_a
658.87 SUR
100
_a
SURESH K
245
_a
RETAILING CONCEPTS AND CASES I
260
_c
2006
_a
Hyderabad
_b
ICFAI Press
300
_a
xiv, : 190 : p. : cm. ; 24
365
_c
_b
30
999
_c
5898
_d
5898